UBT Library

The farmer's guide to the Internet / (Record no. 43842)

000 -LEADER
fixed length control field 00794cam a2200265 a 4500
001 - CONTROL NUMBER
control field 1165458
005 - DATE AND TIME OF LATEST TRANSACTION
control field 20180301074928.0
008 - FIXED-LENGTH DATA ELEMENTS--GENERAL INFORMATION
fixed length control field 960320s1996 kyua 001 0 eng d
010 ## - LIBRARY OF CONGRESS CONTROL NUMBER
LC control number 96060255
020 ## - INTERNATIONAL STANDARD BOOK NUMBER
International Standard Book Number 0964974614
035 ## - SYSTEM CONTROL NUMBER
System control number (OCoLC)34736344
040 ## - CATALOGING SOURCE
Original cataloging agency NbH
Transcribing agency NbH
Modifying agency K
-- DNAL
-- DLC
041 ## - LANGUAGE CODE
Language code of text/sound track or separate title eng
042 ## - AUTHENTICATION CODE
Authentication code lccopycat
070 0# - NATIONAL AGRICULTURAL LIBRARY CALL NUMBER
Classification number TK5105.875.I57J35
Item number 1996
072 #0 - SUBJECT CATEGORY CODE
Subject category code A000 X200
080 ## - UNIVERSAL DECIMAL CLASSIFICATION NUMBER
Universal Decimal Classification number 025.0663 JAM
082 00 - DEWEY DECIMAL CLASSIFICATION NUMBER
Classification number 025.0663 JAM
Edition number 21
100 1# - Rafti
Rafti 9
101 ## - Shkurtesa
Shkurtesa MJE
245 14 - TITLE STATEMENT
Title The farmer's guide to the Internet /
Statement of responsibility, etc Henry James with Kyna Estes.
906 ## - LOCAL DATA ELEMENT F, LDF (RLIN)
a 7
b cbc
c copycat
d 2
e opcn
f 19
g y-gencatlg
942 ## - ADDED ENTRY ELEMENTS (KOHA)
Source of classification or shelving scheme
Item type Books
Holdings
Withdrawn status Lost status Source of classification or shelving scheme Damaged status Not for loan Collection code Permanent location Current location Shelving location Date acquired Total Checkouts Full call number Barcode Date last seen Price effective from Koha item type
          Koleksioni i përgjithshem UBT - Lipjan UBT - Lipjan Koleksioni i përgjithshem 03/01/2018   025.0663 JAM 002-3000549 03/01/2018 03/01/2018 Books
UBT Library © 2015-2024. All rights reserved University Education for Business and Technology